লোডিং...

Leaves of grass /

গ্রন্থ-পঞ্জীর বিবরন
প্রধান লেখক: Whitman, Walt
অন্যান্য লেখক: Sculley Bradley (Editor)
বিন্যাস: Printed Book
ভাষা:English
প্রকাশিত: New Delhi : Prentice Hall of India, 1986.
বিষয়গুলি:
LEADER 00516nam a2200157Ia 4500
008 150624b xxu||||| |||| 00| p eng d
082 |a 811.2W1 
100 |a Whitman, Walt 
245 |a Leaves of grass /  |c Walt Whitman 
260 |a New Delhi :  |b Prentice Hall of India,  |c 1986. 
300 |a 1008 p. 
650 |v Poetry 
700 |a Sculley Bradley  |e editor. 
942 |c BK 
999 |c 39607  |d 39607 
952 |0 0  |1 0  |4 0  |6 811_000000000000000_2W1_LEA  |7 0  |9 39604  |a UL  |b UL  |c ST2  |d 2017-10-10  |l 0  |o 811.2W1 LEA  |p 57463  |r 2012-10-27  |w 2012-10-27  |y BK